Statistics for Shortest Movie Descriptions

Click here to take the quiz!

General Stats

  • This quiz has been taken 73 times
  • The average score is 13 of 16

Answer Stats

HintAnswer% Correct
Toys come to life.Toy Story
95%
Man has spider powers.Spider-Man
95%
Disney singing with snow.Frozen
94%
Dinosaurs escape containment.Jurassic Park
94%
Don't talk about this club.Fight Club
91%
Not in Kansas.The Wizard of Oz
89%
Ring makes you invisible.The Lord of the Rings
86%
Giant shark eats people.Jaws
85%
Blowing up planets with lasers.Star Wars
77%
Time traveling robot will be back.The Terminator
75%
How Ledger got these scars.The Dark Knight
74%
Shia LaBeouf with talking cars.Transformers
71%
180° head-spinning demon.The Exorcist
69%
Can't refuse this offer.The Godfather
66%
Acid-bleeding extraterrestrial.Alien
66%
Eating burgers and quoting Bible.Pulp Fiction
57%

Score Distribution

Percentile by Number Answered

Percent of People with Each Score

Your Score History

You have not taken this quiz